000 00735nam a2200253 a 4500
003 AR-BaBNM
005 20251128205830.0
008 082120s2002 ||||||||||||||000 | spa||
020 _a950-752-202-6
040 _cAR-BaBNM
245 0 0 _aHistoria de la Argentina [1930-1943]
_bLa Guerra Mundial en la Argentina
260 _aBogotá
_bHyspamerica
_bCrónica
_c1992
300 _a47 p.
_bil., láms.
490 0 _aNuestro siglo
_vv. 18
650 4 _aHISTORIA ARGENTINA
650 4 _aHISTORIA SOCIAL
650 4 _aSEGUNDA GUERRA MUNDIAL
650 4 _aHISTORIA POLITICA
650 4 _aHISTORIA ECONOMICA
700 1 _aSáenz Quesada, María
_ecoordinador
800 1 _aLuna, Félix
_edirector
942 _cBK
998 _cMariana
999 _c12987
_d12987